000 00214nam a2200085Ia 4500
245 0 _aThe Mao Case
100 _a XIAOLONG, Qiu London, 2009
_981680
942 _cBK
008 210817s9999 xx 000 0 und d
999 _c292194
_d292193